|
|
|
|
| LEADER |
00000nam0a2200000 4500 |
| 001 |
127118 |
| 005 |
20231101220033.0 |
| 035 |
|
|
|a (RuTPU)RU\TPU\book\137502
|
| 090 |
|
|
|a 127118
|
| 100 |
|
|
|a 20071210d1972 km y0rusy50 ca
|
| 101 |
1 |
|
|a rus
|c eng
|
| 102 |
|
|
|a RU
|
| 105 |
|
|
|a y z 001zy
|
| 200 |
1 |
|
|a Выпуклые структуры и математическая экономика
|e пер. с англ.
|f Х. Никайдо
|
| 210 |
|
|
|a Москва
|c Мир
|d 1972
|
| 215 |
|
|
|a 549 с.
|
| 320 |
|
|
|a Библиогр.: с. 500-507.
|
| 320 |
|
|
|a Именной указатель: с. 508-509.
|
| 320 |
|
|
|a Предметный указатель: с. 510-514.
|
| 606 |
1 |
|
|a Математическая экономика
|2 stltpush
|3 (RuTPU)RU\TPU\subj\80755
|9 88356
|
| 610 |
1 |
|
|a выпуклые множества
|
| 610 |
1 |
|
|a математическая экономика
|
| 610 |
1 |
|
|a математические теоремы
|
| 610 |
1 |
|
|a евклидовы пространства
|
| 610 |
1 |
|
|a гомотопия
|
| 610 |
1 |
|
|a нелинейные системы
|
| 610 |
1 |
|
|a сбалансированный рост
|
| 610 |
1 |
|
|a линейные модели
|
| 610 |
1 |
|
|a распределение
|
| 610 |
1 |
|
|a конкурентная экономика по Вальрасу
|
| 610 |
1 |
|
|a функционирование
|
| 610 |
1 |
|
|a валовая заменимость
|
| 610 |
1 |
|
|a экстремизация
|
| 610 |
1 |
|
|a якобиевы матрицы
|
| 675 |
|
|
|a 514.17
|v 3
|
| 686 |
|
|
|a Ув631
|v LBC/SL-A
|2 rubbk
|
| 700 |
|
1 |
|a Никайдо
|b Х.
|
| 801 |
|
1 |
|a RU
|b 63413507
|c 20071210
|g PSBO
|
| 801 |
|
2 |
|a RU
|b 63413507
|c 20220905
|g PSBO
|
| 942 |
|
|
|c BK
|